000 00844 a2200229 4500
010 _aENG-85833
020 _a8131300358
_c695.00
035 _aEN-69366
037 _bD.B.Act / Pub
082 1 4 _a338.3727
090 _c3506
_d3506
245 1 _aFishes and fisheries
_bconservation and sustainable development
_cedited by Rekha R. Gaonkar, R. B. Patil and Maria D. C. Rodrogues
260 _aNew Delhi
_bAPH Publishing Corporatioon
_c2007
270 _a5, Ansari Road, Darya Ganj
_bNew Delhi
_e110 002
_k011- 23274050
_maphbooks@vsnl.net
300 _axxviii, 282 p.
_b22 cm ( Hb.)
500 _aIncludes index
710 1 _aGaonkar, Rekha R.
710 1 _aPatil, R. B.
710 1 _aRodrigues, Maria D.C.
942 _adpl
_cEN
_k338.3727 / FIS
999 _c3439
_d3439